000 01815cam a22003735a 4500
001 16633399
003 EG-ScBUE
005 20220203105053.0
008 110201s2009 enkaf f b 001 haeng d
020 _a0007280165
020 _a9780007280162
035 _a(OCoLC)ocn232977786
040 _aBTCTA
_beng
_erda
_cBTCTA
_dBAKER
_dYDXCP
_dBNY
_dGK5
_dCLE
_dJAG
_dCDX
_dP@N
_dBUR
_dQ2Z
_dCQU
_dOBE
_dDLC
_dEG-ScBUE
043 _an-us-ca
082 0 4 _a827.92
_222
_bLEV
100 1 _a Lever, James,
_eauthor.
_924096
245 1 0 _aMe Cheeta :
_bthe autobiography /
_cJames Lever.
264 1 _aLondon :
_bFourth Estate,
_c2009.
300 _axvi, 320 pages, [16] pages of plates :
_billustrations ;
_c22 cm
336 _2rdacontent
_atext
_btxt
337 _2rdamedia
_aunmediated
_bn
338 _2rdacarrier
_avolume
_bnc
504 _aIncludes bibliographical references and index.
520 _aParody of a Hollywood "tell-all" biography purported to be written by the chimpanzee animal star, Cheeta, who supposedly played opposite Johnny Weissmuller in Tarzan films, Ronald Reagan in Bedtime for Bonzo, and Rex Harrison in Dr. Doolittle, and survives to paint in retirement in Palm Springs. (Research has established that the chimp's first owner was known to be a teller of tall tales and that this chimp was not one of the many different chimps that were used in those films.)
650 7 _aCheeta (Chimpanzee)
_vFiction.
_924097
_2BUEsh
650 7 _aAnimals in motion pictures
_vFiction.
_924098
_2BUEsh
650 7 _aChimpanzees
_vFiction.
_924099
_2BUEsh
650 7 _aTarzan films
_vFiction.
_924100
_2BUEsh
651 7 _aHollywood (Los Angeles, Calif.)
_vFiction.
_924101
_2BUEsh
653 _cMay2011
_bHHUUEENN
655 _vReading book
_934232
942 _2ddc
_cBB
999 _c15391
_d15391